Music Quiz

Random Music or Lyrics Quiz

'I should've kissed you' Lyrics by One Direction Quiz Stats

Quiz not verified by Sporcle

Challenge
Share
Tweet
Embed
Score 0/294 Timer 10:00
0 Plays Today
% Correct
I
97.8%
I
97.8%
I
97.8%
I
97.8%
I
97.8%
I
97.8%
I
97.8%
I
97.8%
I
97.8%
I
97.8%
I
97.8%
I
97.8%
I
97.8%
I
97.8%
I
97.8%
I
97.8%
I
97.8%
I
97.8%
I
97.8%
I
97.8%
I
97.8%
I
97.8%
I
97.8%
I
97.8%
I
97.8%
I
97.8%
I
97.8%
I
97.8%
I
97.8%
I
97.8%
I
97.8%
I
97.8%
I
97.8%
you
97.1%
you
97.1%
you
97.1%
you
97.1%
you.
97.1%
you.
97.1%
you,
97.1%
you
97.1%
you
97.1%
you
97.1%
you
97.1%
you.
97.1%
you.
97.1%
you
97.1%
you
97.1%
you
97.1%
you
97.1%
oh,
96.4%
oh,
96.4%
yeah.
96.4%
oh,
96.4%
oh,
96.4%
[x4]
95.7%
[x4]
95.7%
[CHORUS]
95.7%
a
95%
a
95%
time
94.5%
should,
94.2%
should,
94.2%
me.
93.5%
should've
93.5%
the
93.5%
the
93.5%
me,
93.5%
me
93.5%
should've
93.5%
should've,
93.5%
should've
93.5%
me.
93.5%
me,
93.5%
me
93.5%
should've
93.5%
should've,
93.5%
should've
93.5%
me,
93.5%
that
92.8%
to
92.8%
to
92.8%
so
92.8%
that
92.8%
that
92.8%
Is
92.8%
your
92.8%
heart
92.8%
Is
92.8%
your
92.8%
so
92.8%
so
92.8%
Is
92.8%
your
92.8%
heart
92.8%
that
92.8%
your
92.8%
that
92.8%
% Correct
that
92.8%
Is
92.8%
your
92.8%
heart
92.8%
Is
92.8%
your
92.8%
so
92.8%
so
92.8%
Is
92.8%
your
92.8%
heart
92.8%
to
92.8%
that
92.8%
it
92.1%
my
92.1%
all
92.1%
just
92.1%
just
92.1%
and
92.1%
and
92.1%
all
92.1%
all
92.1%
just
92.1%
time?
92.1%
kissed
92.1%
kissed
92.1%
my
92.1%
my
92.1%
And
92.1%
all
92.1%
my
92.1%
my
92.1%
all
92.1%
all
92.1%
just
92.1%
time?
92.1%
kissed
92.1%
kissed
92.1%
just
92.1%
and
92.1%
time?
92.1%
taken
91.4%
think
91.4%
think
91.4%
taken?
91.4%
there
91.4%
on
91.4%
think
91.4%
think
91.4%
taken?
91.4%
there
91.4%
on
91.4%
there,
91.4%
but
90.6%
can
90.6%
about,
90.6%
can
90.6%
about.
90.6%
I'm
90.6%
I'm
90.6%
outta
90.6%
about
90.6%
I'm
90.6%
but
90.6%
in
90.6%
can
90.6%
about,
90.6%
can
90.6%
about.
90.6%
I'm
90.6%
I'm
90.6%
outta
90.6%
about
90.6%
outta
90.6%
this
89.9%
chance,
89.9%
somebody
89.9%
else
89.9%
mind?
89.9%
tell
89.9%
do
89.9%
do?
89.9%
somebody
89.9%
else
89.9%
mind?
89.9%
tell
89.9%
do
89.9%
we
89.9%
be
89.9%
this
89.9%
go.
89.9%
go.
89.9%
said
89.2%
were
89.2%
It's
89.2%
am
89.2%
How
89.2%
feel
89.2%
% Correct
am
89.2%
how
89.2%
were
89.2%
It's
89.2%
am
89.2%
How
89.2%
feel
89.2%
were
89.2%
Am
89.2%
head
88.5%
you're
88.5%
confused,
88.5%
breaking?
88.5%
now?
88.5%
away
88.5%
when,
88.5%
when
88.5%
when
88.5%
you're
88.5%
confused,
88.5%
breaking?
88.5%
now?
88.5%
away
88.5%
when,
88.5%
when
88.5%
When
88.5%
away,
88.5%
when
88.5%
sorry,
87.8%
let
87.8%
sorry,
87.8%
let
87.8%
let
87.8%
let
87.8%
wasn't
87.1%
here
87.1%
got
87.1%
walk
87.1%
walk
87.1%
keep
86.3%
playing
86.3%
can't
86.3%
can't
86.3%
No,
86.3%
inside
85.6%
dream.
85.6%
right
85.6%
scared
85.6%
again.
84.9%
believe
84.9%
believe
84.9%
moment
84.2%
convince
82.7%
myself
82.7%
look
82.7%
lie
82%
'Cause
82%
lost
82%
eyes,
82%
what
82%
eyes
82%
see
81.3%
at
80.6%
awake
79.9%
would've
79.9%
never
79.9%
never
79.9%
close
79.1%
friends
79.1%
say
79.1%
Every
78.4%
gonna
78.4%
if
78.4%
if
78.4%
for
77.7%
looking
77.7%
saw
77%
way,
77%
dancing
76.3%
leave
75.5%
always
75.5%
every
75.5%
house
74.1%
could
74.1%
had
73.4%
then
72.7%
morning
71.9%
stood
71.9%
heartbeat
71.2%
over
70.5%
I'd
70.5%
known
69.8%
feeling
69.8%
looked
69.1%
replay,
69.1%
weight,
65.5%
punching
64%
up
61.2%

You're not logged in!

Compare scores with friends on all Sporcle quizzes.
Sign Up with Email
OR
Log In

You Might Also Like...

Show Comments

Extras

Top Quizzes Today


Score Distribution

Your Account Isn't Verified!

In order to create a playlist on Sporcle, you need to verify the email address you used during registration. Go to your Sporcle Settings to finish the process.